[Event "Ch France 2018 Féminin"]
[Site "?"]
[Date "2018.08.26"]
[Round "4.5"]
[White "Guichard, Pauline"]
[Black "Leconte, Maria"]
[Result "1/2-1/2"]
[BlackElo "2224"]
[WhiteElo "2365"]
[LiveChessVersion "1.4.8"]

1. Nf3 {[%clk 1:30:57]} Nf6 {[%clk 1:30:53]} 2. c4 {[%clk 1:31:18]} c6
{[%clk 1:31:14]} 3. g3 {[%clk 1:31:34]} d5 {[%clk 1:31:28]} 4. Bg2
{[%clk 1:31:54]} Bg4 {[%clk 1:30:27]} 5. O-O {[%clk 1:28:42]} e6 {[%clk 1:29:37]}
6. Qb3 {[%clk 1:28:42]} Qb6 {[%clk 1:27:24]} 7. Qc2 {[%clk 1:28:59]} dxc4
{[%clk 1:22:51]} 8. Qxc4 {[%clk 1:22:31]} Nbd7 {[%clk 1:20:21]} 9. d4
{[%clk 1:16:39]} Bd6 {[%clk 1:01:33]} 10. Nc3 {[%clk 1:14:41]} O-O
{[%clk 1:01:51]} 11. e4 {[%clk 1:03:50]} Qb4 {[%clk 0:51:52]} 12. Qxb4
{[%clk 0:52:06]} Bxb4 {[%clk 0:52:16]} 13. h3 {[%clk 0:51:30]} Bh5
{[%clk 0:51:48]} 14. g4 {[%clk 0:50:12]} Bg6 {[%clk 0:50:32]} 15. Nh4
{[%clk 0:50:09]} Rfd8 {[%clk 0:39:46]} 16. Nxg6 {[%clk 0:48:01]} hxg6
{[%clk 0:38:07]} 17. Bg5 {[%clk 0:48:18]} Re8 {[%clk 0:36:40]} 18. Rfd1
{[%clk 0:44:10]} Nb6 {[%clk 0:36:27]} 19. a3 {[%clk 0:38:56]} Bf8
{[%clk 0:36:13]} 20. Bf1 {[%clk 0:38:22]} e5 {[%clk 0:29:43]} 21. d5
{[%clk 0:31:48]} Bc5 {[%clk 0:29:20]} 22. Be3 {[%clk 0:18:52]} Bxe3
{[%clk 0:24:52]} 23. fxe3 {[%clk 0:19:18]} Red8 {[%clk 0:24:13]} 24. Rd2
{[%clk 0:18:43]} Rd6 {[%clk 0:21:02]} 25. Rad1 {[%clk 0:17:40]} Rad8
{[%clk 0:21:26]} 26. b4 {[%clk 0:13:58]} g5 {[%clk 0:11:11]} 27. a4
{[%clk 0:13:41]} Nc8 {[%clk 0:09:09]} 28. a5 {[%clk 0:11:44]} Ne7
{[%clk 0:07:38]} 29. Bc4 {[%clk 0:11:35]} a6 {[%clk 0:06:05]} 30. Bb3
{[%clk 0:06:41]} cxd5 {[%clk 0:06:08]} 31. exd5 {[%clk 0:06:02]} Rc8
{[%clk 0:06:26]} 32. Na4 {[%clk 0:06:11]} Ne4 {[%clk 0:05:59]} 33. Rc2
{[%clk 0:05:18]} Rdd8 {[%clk 0:03:44]} 34. Rxc8 {[%clk 0:02:00]} Nxc8
{[%clk 0:04:01]} 35. Kg2 {[%clk 0:01:32]} Ned6 {[%clk 0:04:08]} 36. Rc1
{[%clk 0:01:32]} Na7 {[%clk 0:03:48]} 37. Nb6 {[%clk 0:01:30]} Nab5
{[%clk 0:03:42]} 38. Ba4 {[%clk 0:01:18]} Kf8 {[%clk 0:03:21]} 39. Kf3
{[%clk 0:01:01]} e4+ {[%clk 0:02:42]} 40. Kg3 {[%clk 0:01:12]} g6
{[%clk 0:02:44]} 41. h4 {[%clk 0:24:22]} gxh4+ {[%clk 0:31:48]} 42. Kxh4
{[%clk 0:24:26]} Kg7 {[%clk 0:32:11]} 43. Bxb5 {[%clk 0:17:40]} axb5
{[%clk 0:32:03]} 44. Rc7 {[%clk 0:15:50]} Rh8+ {[%clk 0:24:10]} 45. Kg3
{[%clk 0:16:12]} g5 {[%clk 0:24:31]} 46. Rd7 {[%clk 0:11:38]} Rh6
{[%clk 0:24:55]} 47. Rd8 {[%clk 0:12:05]} Rf6 {[%clk 0:17:41]} 48. Kg2
{[%clk 0:12:30]} Nc4 {[%clk 0:14:22]} 49. Nxc4 {[%clk 0:06:09]} bxc4
{[%clk 0:14:47]} 50. Rc8 {[%clk 0:04:21]} b5 {[%clk 0:10:46]} 51. axb6
{[%clk 0:01:56]} Rxb6 {[%clk 0:11:10]} 52. Rxc4 {[%clk 0:02:21]} Rd6
{[%clk 0:10:39]} 53. Rxe4 {[%clk 0:02:31]} Rxd5 {[%clk 0:11:03]} 54. Rd4
{[%clk 0:02:18]} Rb5 {[%clk 0:10:50]} 55. e4 {[%clk 0:01:49]} Kf6
{[%clk 0:09:55]} 56. Kf3 {[%clk 0:02:13]} Ke6 {[%clk 0:10:19]} 57. Ke3
{[%clk 0:02:23]} f6 {[%clk 0:10:01]} 58. Kd3 {[%clk 0:01:40]} Rb8
{[%clk 0:10:25]} 59. Rc4 {[%clk 0:01:34]} Rb7 {[%clk 0:08:37]} 60. Kd4
{[%clk 0:01:29]} Kd6 {[%clk 0:09:02]} 61. Kd3 {[%clk 0:01:00]} Rb6
{[%clk 0:09:01]} 62. Kd4 {[%clk 0:00:45]} Rb7 {[%clk 0:05:53]} 63. Kc3
{[%clk 0:00:42]} Rb8 {[%clk 0:06:12]} 64. Rc5 {[%clk 0:00:55]} Rh8
{[%clk 0:03:58]} 65. Rd5+ {[%clk 0:01:11]} Kc7 {[%clk 0:03:03]} 66. Rc5+
{[%clk 0:01:06]} Kd6 {[%clk 0:03:03]} 67. Rd5+ {[%clk 0:01:21]} Kc7
{[%clk 0:03:29]} 68. Rd3 {[%clk 0:01:28]} Rh4 {[%clk 0:03:33]} 69. Rg3
{[%clk 0:01:53]} Rh1 {[%clk 0:03:56]} 70. Kd4 {[%clk 0:01:33]} Kd6
{[%clk 0:03:13]} 71. Rb3 {[%clk 0:01:18]} Rd1+ {[%clk 0:03:17]} 72. Rd3
{[%clk 0:01:40]} Rg1 {[%clk 0:02:53]} 73. Rf3 {[%clk 0:00:42]} Ke6
{[%clk 0:02:40]} 74. b5 {[%clk 0:00:57]} Rxg4 {[%clk 0:02:33]} 75. b6
{[%clk 0:01:23]} Rh4 {[%clk 0:02:32]} 76. b7 {[%clk 0:01:12]} Rh8
{[%clk 0:02:57]} 77. Rc3 {[%clk 0:00:46]} Rb8 {[%clk 0:03:01]} 78. Rc7
{[%clk 0:01:12]} g4 {[%clk 0:02:20]} 79. Rg7 {[%clk 0:01:00]} g3 {[%clk 0:02:12]}
80. Ke3 {[%clk 0:00:34]} g2 {[%clk 0:02:05]} 81. Kf2 {[%clk 0:00:54]} Ke5
{[%clk 0:02:31]} 82. Re7+ {[%clk 0:01:17]} Kd6 {[%clk 0:02:46]} 83. Rf7
{[%clk 0:01:30]} Ke6 {[%clk 0:02:46]} 84. Rg7 {[%clk 0:01:31]} Ke5
{[%clk 0:03:11]} 85. Re7+ {[%clk 0:01:57]} 1/2-1/2

[Event "Ch France 2018 Féminin"]
[Site "?"]
[Date "2018.08.26"]
[Round "5.1"]
[White "Navrotescu, Andreea-C"]
[Black "Milliet, Sophie"]
[Result "0-1"]
[BlackElo "2389"]
[WhiteElo "2247"]
[LiveChessVersion "1.4.8"]

1. g3 {[%clk 1:30:57]} c5 {[%clk 1:26:06]} 2. c4 {[%clk 1:31:19]} Nc6
{[%clk 1:26:26]} 3. Bg2 {[%clk 1:31:40]} g6 {[%clk 1:26:43]} 4. Nc3
{[%clk 1:31:40]} Bg7 {[%clk 1:27:09]} 5. e4 {[%clk 1:32:03]} d6 {[%clk 1:27:22]}
6. Nge2 {[%clk 1:32:20]} Nf6 {[%clk 1:27:45]} 7. d3 {[%clk 1:32:13]} O-O
{[%clk 1:28:01]} 8. O-O {[%clk 1:31:35]} Rb8 {[%clk 1:28:20]} 9. Rb1
{[%clk 1:31:44]} a6 {[%clk 1:27:59]} 10. a4 {[%clk 1:31:48]} Ne8 {[%clk 1:21:26]}
11. Be3 {[%clk 1:32:04]} e5 {[%clk 1:21:27]} 12. f4 {[%clk 1:28:01]} exf4
{[%clk 1:20:51]} 13. Nxf4 {[%clk 1:25:04]} Nc7 {[%clk 1:11:02]} 14. Qd2
{[%clk 1:20:32]} b5 {[%clk 1:02:55]} 15. axb5 {[%clk 1:20:45]} axb5
{[%clk 1:03:22]} 16. b3 {[%clk 1:20:09]} b4 {[%clk 0:55:23]} 17. Ncd5
{[%clk 1:20:13]} Nxd5 {[%clk 0:53:30]} 18. Nxd5 {[%clk 1:20:00]} Be6
{[%clk 0:52:49]} 19. Nf4 {[%clk 1:14:41]} Qd7 {[%clk 0:46:36]} 20. Ne2
{[%clk 1:12:53]} Bg4 {[%clk 0:46:06]} 21. Bf3 {[%clk 1:12:38]} Bxf3
{[%clk 0:34:44]} 22. Rxf3 {[%clk 1:13:05]} Ra8 {[%clk 0:35:08]} 23. d4
{[%clk 0:52:56]} Qe7 {[%clk 0:34:59]} 24. dxc5 {[%clk 0:47:46]} dxc5
{[%clk 0:34:51]} 25. Qd5 {[%clk 0:47:47]} Ne5 {[%clk 0:34:52]} 26. Rff1
{[%clk 0:44:22]} Rac8 {[%clk 0:25:41]} 27. Rbd1 {[%clk 0:43:16]} Rfe8
{[%clk 0:24:18]} 28. h3 {[%clk 0:39:57]} Red8 {[%clk 0:15:27]} 29. Bxc5
{[%clk 0:40:19]} Qg5 {[%clk 0:15:53]} 30. Bd6 {[%clk 0:39:40]} Qe3+
{[%clk 0:16:00]} 31. Rf2 {[%clk 0:40:01]} Qxb3 {[%clk 0:15:40]} 32. c5
{[%clk 0:38:50]} Qe3 {[%clk 0:14:04]} 33. Kf1 {[%clk 0:30:57]} b3
{[%clk 0:12:36]} 34. Qd4 {[%clk 0:20:06]} Ng4 {[%clk 0:12:18]} 35. hxg4
{[%clk 0:15:52]} Bxd4 {[%clk 0:12:42]} 36. Nxd4 {[%clk 0:16:12]} Qxe4
{[%clk 0:11:33]} 37. Kg1 {[%clk 0:15:04]} Qxg4 {[%clk 0:11:16]} 38. Rd3
{[%clk 0:15:13]} Re8 {[%clk 0:05:27]} 39. Nxb3 {[%clk 0:14:51]} Re1+
{[%clk 0:05:36]} 40. Rf1 {[%clk 0:14:02]} Qe2 {[%clk 0:05:42]} 0-1

[Event "Ch France 2018 Féminin"]
[Site "?"]
[Date "2018.08.26"]
[Round "5.4"]
[White "Safranska, Anda"]
[Black "Monpeurt, Cyrielle"]
[Result "1-0"]
[BlackElo "2175"]
[WhiteElo "2193"]
[LiveChessVersion "1.4.8"]

1. Nf3 {[%clk 1:30:58]} d5 {[%clk 1:30:52]} 2. g3 {[%clk 1:31:24]} c5
{[%clk 1:30:35]} 3. Bg2 {[%clk 1:31:49]} Nf6 {[%clk 1:30:19]} 4. d3
{[%clk 1:32:07]} e6 {[%clk 1:30:03]} 5. O-O {[%clk 1:32:17]} Be7 {[%clk 1:29:55]}
6. Nbd2 {[%clk 1:32:36]} Nc6 {[%clk 1:29:40]} 7. e4 {[%clk 1:32:55]} b6
{[%clk 1:26:50]} 8. Re1 {[%clk 1:32:50]} Bb7 {[%clk 1:25:47]} 9. a3
{[%clk 1:31:30]} Qc7 {[%clk 1:23:46]} 10. Qe2 {[%clk 1:30:46]} O-O
{[%clk 1:21:39]} 11. e5 {[%clk 1:24:00]} Nd7 {[%clk 1:21:04]} 12. c4
{[%clk 1:22:15]} Rfd8 {[%clk 1:19:02]} 13. cxd5 {[%clk 1:15:21]} exd5
{[%clk 1:18:20]} 14. e6 {[%clk 1:15:47]} Nf8 {[%clk 1:16:02]} 15. exf7+
{[%clk 1:16:05]} Kxf7 {[%clk 1:16:14]} 16. Nf1 {[%clk 1:05:50]} Bf6
{[%clk 1:02:50]} 17. Bg5 {[%clk 1:05:00]} Re8 {[%clk 0:57:06]} 18. Qd2
{[%clk 1:03:00]} d4 {[%clk 0:41:50]} 19. Bxf6 {[%clk 1:02:23]} gxf6
{[%clk 0:39:16]} 20. Qh6 {[%clk 1:01:03]} Ne7 {[%clk 0:31:30]} 21. N1d2
{[%clk 0:58:37]} Neg6 {[%clk 0:28:46]} 22. Ne4 {[%clk 0:48:47]} Bxe4
{[%clk 0:24:54]} 23. dxe4 {[%clk 0:48:36]} Rad8 {[%clk 0:24:58]} 24. Red1
{[%clk 0:29:30]} Kg8 {[%clk 0:23:04]} 25. Nh4 {[%clk 0:25:38]} Nxh4
{[%clk 0:21:23]} 26. Qxh4 {[%clk 0:26:01]} Qg7 {[%clk 0:18:30]} 27. Rac1
{[%clk 0:19:58]} Ng6 {[%clk 0:17:26]} 28. Qh5 {[%clk 0:19:20]} Re5
{[%clk 0:06:12]} 29. Qe2 {[%clk 0:16:48]} Qd7 {[%clk 0:06:00]} 30. Bf1
{[%clk 0:14:43]} a5 {[%clk 0:04:15]} 31. f4 {[%clk 0:12:40]} Ree8
{[%clk 0:04:39]} 32. Qc4+ {[%clk 0:12:07]} Kh8 {[%clk 0:04:52]} 33. Qd3
{[%clk 0:08:50]} Rc8 {[%clk 0:02:13]} 34. Re1 {[%clk 0:08:03]} Qg7
{[%clk 0:01:23]} 35. Qf3 {[%clk 0:06:17]} Qd7 {[%clk 0:00:54]} 36. Qb3
{[%clk 0:05:03]} Qd6 {[%clk 0:00:48]} 37. a4 {[%clk 0:04:34]} Rg8
{[%clk 0:00:49]} 38. Kh1 {[%clk 0:04:41]} Rc7 {[%clk 0:00:53]} 39. Bc4
{[%clk 0:04:46]} Rd8 {[%clk 0:00:53]} 40. Rcd1 {[%clk 0:05:06]} Rg7
{[%clk 0:00:43]} 41. Qf3 {[%clk 0:05:15]} Re7 {[%clk 0:26:55]} 42. b3
{[%clk 0:35:08]} Nf8 {[%clk 0:23:51]} 43. Rd2 {[%clk 0:32:42]} Nd7
{[%clk 0:21:51]} 44. Qh5 {[%clk 0:29:00]} Rde8 {[%clk 0:19:37]} 45. Qf5
{[%clk 0:27:53]} Nf8 {[%clk 0:16:55]} 46. Bb5 {[%clk 0:27:49]} Rd8
{[%clk 0:16:24]} 47. Bc4 {[%clk 0:24:33]} Rde8 {[%clk 0:16:50]} 48. Kg1
{[%clk 0:24:04]} Ng6 {[%clk 0:14:43]} 49. h4 {[%clk 0:24:03]} Rg7
{[%clk 0:12:21]} 50. Kf2 {[%clk 0:23:34]} Qd7 {[%clk 0:08:13]} 51. Qxd7
{[%clk 0:22:24]} Rxd7 {[%clk 0:08:38]} 52. Bb5 {[%clk 0:22:32]} Rde7
{[%clk 0:09:05]} 53. Bxe8 {[%clk 0:22:56]} Rxe8 {[%clk 0:09:32]} 54. h5
{[%clk 0:20:44]} Ne7 {[%clk 0:09:15]} 55. g4 {[%clk 0:20:45]} Nc6
{[%clk 0:09:27]} 56. Kf3 {[%clk 0:20:40]} Kg7 {[%clk 0:09:28]} 57. Rg1
{[%clk 0:19:14]} Kf7 {[%clk 0:09:35]} 58. g5 {[%clk 0:18:47]} f5 {[%clk 0:09:34]}
59. g6+ {[%clk 0:18:36]} hxg6 {[%clk 0:09:47]} 60. hxg6+ {[%clk 0:18:52]} Kg7
{[%clk 0:10:01]} 61. exf5 {[%clk 0:18:02]} Re3+ {[%clk 0:10:27]} 62. Kg4
{[%clk 0:18:13]} Ne7 {[%clk 0:09:15]} 63. Kg5 {[%clk 0:18:21]} Nd5
{[%clk 0:09:28]} 64. f6+ {[%clk 0:16:11]} Nxf6 {[%clk 0:09:54]} 65. Rh2
{[%clk 0:09:15]} d3 {[%clk 0:09:04]} 66. Kf5 {[%clk 0:08:52]} Re8
{[%clk 0:08:02]} 67. Rd1 {[%clk 0:07:22]} Rd8 {[%clk 0:08:26]} 68. Rh3
{[%clk 0:06:44]} d2 {[%clk 0:07:45]} 69. Rh2 {[%clk 0:07:00]} Rd5+
{[%clk 0:05:37]} 70. Ke6 {[%clk 0:07:25]} Rd4 {[%clk 0:05:24]} 71. Rdxd2
{[%clk 0:04:09]} Rxf4 {[%clk 0:05:49]} 72. Rd6 {[%clk 0:03:24]} Kxg6
{[%clk 0:04:21]} 73. Rg2+ {[%clk 0:03:24]} Ng4 {[%clk 0:04:46]} 74. Kd7+
{[%clk 0:03:29]} Kf7 {[%clk 0:04:30]} 75. Rxb6 {[%clk 0:03:12]} Nf6+
{[%clk 0:04:33]} 76. Kc6 {[%clk 0:03:05]} Ne4 {[%clk 0:04:00]} 77. Rb7+
{[%clk 0:02:58]} Kf6 {[%clk 0:04:08]} 78. Rc2 {[%clk 0:03:05]} Rf5
{[%clk 0:03:40]} 79. Rc4 {[%clk 0:02:54]} Re5 {[%clk 0:03:43]} 80. Rb6
{[%clk 0:02:25]} Re6+ {[%clk 0:03:58]} 81. Kc7 {[%clk 0:02:44]} Ng5
{[%clk 0:02:29]} 82. Rxe6+ {[%clk 0:02:59]} Nxe6+ {[%clk 0:02:55]} 83. Kb6
{[%clk 0:03:23]} Nd4 {[%clk 0:03:08]} 84. Rc3 {[%clk 0:03:33]} Ke6
{[%clk 0:03:20]} 85. Kxc5 {[%clk 0:03:45]} Kd5+ 1-0

[Event "Ch France 2018 Féminin"]
[Site "?"]
[Date "2018.08.26"]
[Round "6.2"]
[White "Guichard, Pauline"]
[Black "Safranska, Anda"]
[Result "1-0"]
[BlackElo "2193"]
[WhiteElo "2365"]
[LiveChessVersion "1.4.8"]

1. Nf3 {[%clk 1:30:57]} g6 {[%clk 1:30:47]} 2. d4 {[%clk 1:31:14]} Bg7
{[%clk 1:31:08]} 3. b3 {[%clk 1:29:44]} Nf6 {[%clk 1:30:48]} 4. Bb2
{[%clk 1:29:59]} O-O {[%clk 1:30:08]} 5. g3 {[%clk 1:29:38]} d6 {[%clk 1:29:48]}
6. Bg2 {[%clk 1:29:37]} e5 {[%clk 1:29:34]} 7. dxe5 {[%clk 1:28:14]} Ng4
{[%clk 1:29:59]} 8. O-O {[%clk 1:25:29]} Nc6 {[%clk 1:28:51]} 9. c4
{[%clk 1:19:08]} Ngxe5 {[%clk 1:24:56]} 10. Nxe5 {[%clk 1:16:10]} dxe5
{[%clk 1:24:17]} 11. Nc3 {[%clk 1:15:22]} Be6 {[%clk 1:24:13]} 12. Bxc6
{[%clk 1:02:46]} bxc6 {[%clk 1:24:32]} 13. Qxd8 {[%clk 1:03:09]} Rfxd8
{[%clk 1:24:14]} 14. Rfd1 {[%clk 1:03:24]} f6 {[%clk 1:11:15]} 15. Ba3
{[%clk 0:59:38]} Kf7 {[%clk 1:07:17]} 16. Na4 {[%clk 0:58:02]} Re8
{[%clk 1:04:38]} 17. Bc5 {[%clk 0:50:39]} a5 {[%clk 1:01:16]} 18. Rd2
{[%clk 0:48:06]} Bh6 {[%clk 1:00:55]} 19. e3 {[%clk 0:46:52]} Red8
{[%clk 0:53:19]} 20. Rad1 {[%clk 0:46:32]} Rxd2 {[%clk 0:53:42]} 21. Rxd2
{[%clk 0:46:58]} Bg7 {[%clk 0:50:15]} 22. f3 {[%clk 0:44:36]} h5 {[%clk 0:50:13]}
23. e4 {[%clk 0:38:32]} Bh6 {[%clk 0:48:32]} 24. Rd1 {[%clk 0:37:08]} Bg7
{[%clk 0:48:28]} 25. Kg2 {[%clk 0:36:44]} Bh6 {[%clk 0:44:12]} 26. Bf2
{[%clk 0:34:37]} Bf8 {[%clk 0:39:24]} 27. Be3 {[%clk 0:34:52]} Ke8
{[%clk 0:36:33]} 28. Kf2 {[%clk 0:31:59]} Rb8 {[%clk 0:23:38]} 29. Bd2
{[%clk 0:31:16]} Ra8 {[%clk 0:23:54]} 30. Bc3 {[%clk 0:31:32]} Kf7
{[%clk 0:23:39]} 31. Rd3 {[%clk 0:29:45]} Bd6 {[%clk 0:22:05]} 32. Rd1
{[%clk 0:27:17]} Be7 {[%clk 0:21:52]} 33. Ke3 {[%clk 0:26:55]} Bd6
{[%clk 0:21:54]} 34. f4 {[%clk 0:18:03]} exf4+ {[%clk 0:20:28]} 35. gxf4
{[%clk 0:18:24]} Bf8 {[%clk 0:19:53]} 36. e5 {[%clk 0:17:01]} Bg4
{[%clk 0:18:54]} 37. Re1 {[%clk 0:14:55]} fxe5 {[%clk 0:19:15]} 38. Bxe5
{[%clk 0:14:00]} Re8 {[%clk 0:17:40]} 39. c5 {[%clk 0:10:10]} Bh6
{[%clk 0:15:50]} 40. Ke4 {[%clk 0:07:03]} Bf5+ {[%clk 0:13:38]} 41. Kf3
{[%clk 0:07:10]} Bg4+ {[%clk 0:11:51]} 42. Kg3 {[%clk 0:29:03]} Rd8
{[%clk 0:36:21]} 43. Nb2 {[%clk 0:22:59]} Rd2 {[%clk 0:29:19]} 44. Nc4
{[%clk 0:23:09]} Rxa2 {[%clk 0:26:26]} 45. Bxc7 {[%clk 0:20:34]} Be2
{[%clk 0:17:41]} 46. Ne5+ {[%clk 0:18:08]} Ke6 {[%clk 0:15:57]} 47. Nxg6
{[%clk 0:17:37]} Kd5 {[%clk 0:14:59]} 48. Bd6 {[%clk 0:15:30]} Bd3
{[%clk 0:10:31]} 49. Ne7+ {[%clk 0:14:48]} Kd4 {[%clk 0:10:56]} 50. Nxc6+
{[%clk 0:14:29]} Kc3 {[%clk 0:11:21]} 51. Ne5 {[%clk 0:14:29]} Bf5
{[%clk 0:11:19]} 52. Nf3 {[%clk 0:14:01]} Kd3 {[%clk 0:07:36]} 53. c6
{[%clk 0:13:42]} Rc2 {[%clk 0:07:09]} 54. c7 {[%clk 0:11:50]} Bg7
{[%clk 0:06:36]} 55. Re7 {[%clk 0:08:07]} h4+ {[%clk 0:06:46]} 56. Nxh4
{[%clk 0:08:07]} 1-0

[Event "Ch France 2018 Féminin"]
[Site "?"]
[Date "2018.08.26"]
[Round "6.3"]
[White "Benmesbah, Natacha"]
[Black "Haussernot, Cecile"]
[Result "0-1"]
[BlackElo "2198"]
[WhiteElo "2255"]
[LiveChessVersion "1.4.8"]

1. e4 {[%clk 1:30:58]} c5 {[%clk 1:22:38]} 2. Nf3 {[%clk 1:31:19]} e6
{[%clk 1:23:00]} 3. g3 {[%clk 1:31:20]} Nc6 {[%clk 1:23:15]} 4. Bg2
{[%clk 1:31:37]} Nf6 {[%clk 1:23:36]} 5. Qe2 {[%clk 1:31:11]} Be7
{[%clk 1:23:46]} 6. O-O {[%clk 1:29:10]} d5 {[%clk 1:23:30]} 7. exd5
{[%clk 1:28:42]} exd5 {[%clk 1:23:54]} 8. d4 {[%clk 1:27:22]} cxd4
{[%clk 1:24:12]} 9. Nbd2 {[%clk 1:27:42]} O-O {[%clk 1:23:45]} 10. Nb3
{[%clk 1:27:30]} Bg4 {[%clk 1:24:06]} 11. a3 {[%clk 1:16:11]} Ne4
{[%clk 1:03:07]} 12. h3 {[%clk 1:14:34]} Bxf3 {[%clk 0:56:09]} 13. Qxf3
{[%clk 1:06:01]} Bf6 {[%clk 0:53:53]} 14. Bf4 {[%clk 1:04:46]} a5
{[%clk 0:44:19]} 15. Rad1 {[%clk 1:02:01]} Qb6 {[%clk 0:41:27]} 16. Qd3
{[%clk 0:59:18]} a4 {[%clk 0:41:03]} 17. Nd2 {[%clk 0:58:38]} Nc5
{[%clk 0:36:07]} 18. Qf3 {[%clk 0:58:55]} Rad8 {[%clk 0:34:53]} 19. Rb1
{[%clk 0:58:05]} Ne6 {[%clk 0:30:24]} 20. Rfe1 {[%clk 0:57:31]} Qc5
{[%clk 0:29:34]} 21. Rec1 {[%clk 0:56:40]} b5 {[%clk 0:20:02]} 22. Bf1
{[%clk 0:51:24]} b4 {[%clk 0:16:06]} 23. Bd3 {[%clk 0:50:58]} Be7
{[%clk 0:14:14]} 24. Re1 {[%clk 0:48:10]} Nxf4 {[%clk 0:13:08]} 25. Qxf4
{[%clk 0:48:21]} Rd6 {[%clk 0:11:44]} 26. Qf5 {[%clk 0:45:38]} g6
{[%clk 0:11:20]} 27. Qf4 {[%clk 0:43:42]} Rf6 {[%clk 0:10:59]} 28. Qc7
{[%clk 0:42:58]} Bd6 {[%clk 0:10:56]} 29. axb4 {[%clk 0:40:18]} Qxb4
{[%clk 0:07:45]} 30. Qxc6 {[%clk 0:40:27]} Qxd2 {[%clk 0:08:10]} 31. Re2
{[%clk 0:38:24]} Qg5 {[%clk 0:08:35]} 32. h4 {[%clk 0:37:10]} Qh5
{[%clk 0:08:41]} 33. Qd7 {[%clk 0:33:41]} Qf3 {[%clk 0:07:34]} 34. Qh3
{[%clk 0:33:44]} Rb8 {[%clk 0:07:36]} 35. h5 {[%clk 0:29:52]} a3 {[%clk 0:06:25]}
36. h6 {[%clk 0:29:24]} Bf8 {[%clk 0:06:43]} 37. b3 {[%clk 0:28:05]} Rc6
{[%clk 0:05:22]} 38. Qd7 {[%clk 0:26:36]} Rd6 {[%clk 0:05:27]} 39. Qa4
{[%clk 0:22:03]} g5 {[%clk 0:05:21]} 40. Ra1 a2 41. Qd7 0-1